[Event "16th Spring Festival"]
[Site "Budapest HUN"]
[Date "2000.03.20"]
[Round "4"]
[White "Kahn,E"]
[Black "Francsics,E"]
[Result "1/2-1/2"]
[WhiteElo "2301"]
[BlackElo "2248"]

1.e4 d6 2.d4 g6 3.Nc3 Bg7 4.h3 Nd7 5.Be3 a6 6.Qd2 b5 7.Nf3 Bb7 8.a3 Rc8 9.Be2 c5
10.O-O cxd4 11.Nxd4 Ngf6 12.f3 O-O 13.a4 b4 14.Nd1 e5 15.Nb3 d5 16.Qxb4 Qc7
17.Na5 Rb8 18.Ba7 Ra8 19.Be3 Rfb8 20.Nxb7 Rxb7 21.Qd2 dxe4 22.Nc3 Rxb2 23.fxe4 Nb6
24.a5 Nc4 25.Bxc4 Qxc4 26.Rad1 h5 27.Bg5 Nh7 28.Rf3 Qd4+ 29.Be3 Qxd2 30.Rxd2 Rc8
31.Nd5 Rcxc2 32.Rxc2 Rxc2 33.Ne7+ Kf8 34.Nxg6+ Ke8 35.Nh4 Rc4 36.Nf5 Bf8
37.Bb6 Ng5 38.Rd3 Ne6 39.Rd5 Rxe4 40.Ng3 Rc4 41.Nxh5 Bc5+ 42.Kh2 Ke7 43.Ng3 Bxb6
44.axb6 Rb4 45.Rxe5 Rxb6 46.Ra5 Kd7 47.h4 Kc6 48.Rf5 Rb4 49.h5 Rf4 50.Re5 Kd6
51.Ra5 Nc5 52.Kh3 Kc6 53.h6 Rd4 54.Ra1 Rd8 55.Kh4 Kb5 56.Rb1+ Kc4 57.Rf1 Rh8
58.Kh5 Rh7 59.Nf5 Ne4 60.Ra1 Nf6+  1/2-1/2

[Event "12th Asian Cities"]
[Site "Beirut LIB"]
[Date "2000.03.24"]
[Round "8"]
[White "Mohammad,S"]
[Black "Nenashev,A"]
[Result "0-1"]
[WhiteElo "2300"]
[BlackElo "2600"]

1.e4 g6 2.d4 Bg7 3.Nc3 d6 4.Nf3 Nf6 5.Be2 O-O 6.O-O a6 7.a4 b6 8.Re1 Bb7
9.Bf1 e6 10.h3 Nbd7 11.Bg5 h6 12.Bh4 Qb8 13.Bg3 Rd8 14.Qe2 c5 15.Rad1 cxd4
16.Nxd4 Nc5 17.f3 Nh5 18.Bh2 Qa7 19.Qf2 Rac8 20.g4 Nf6 21.Nb3 Qb8 22.Nd2 Ne8
23.Ndb1 Qc7 24.Rd2 Qe7 25.Red1 h5 26.b4 Nd7 27.Ne2 hxg4 28.hxg4 d5 29.exd5 Bxd5
30.Nf4 Bb7 31.c4 Ne5 32.Be2 Rxd2 33.Nxd2 Qxb4 34.Qe3 Rd8 35.Kf1 Bc6 36.Ke1 Bxa4
37.Rb1 Qa5  0-1

[Event "16th Spring Festival"]
[Site "Budapest HUN"]
[Date "2000.03.24"]
[Round "8"]
[White "Csapo,Z"]
[Black "Khechumyan,G"]
[Result "1/2-1/2"]
[WhiteElo "2250"]
[BlackElo "2236"]

1.e4 g6 2.d4 Bg7 3.Nc3 d6 4.Bg5 c5 5.dxc5 Qa5 6.Qd2 Qxc5 7.Nge2 Nf6 8.Be3 Qc7
9.f3 Nc6 10.Nf4 Ne5 11.Nfd5 Nxd5 12.Nxd5 Qd8 13.Bg5 f6 14.Be3 O-O 15.O-O-O Be6
16.Kb1 Qd7 17.h4 h5 18.Be2 b5 19.b3 f5 20.Bh6 Bxd5 21.Bxg7 Kxg7 22.Qxd5 Qc7
23.Bxb5 Rac8 24.c4 f4 25.Rd2 Qa5 26.Rb2 a6 27.Ba4 Rc5 28.Qd4 Qc7 29.Rc1 Rb8
30.g3 Rf8 31.Rf1 Kh7 32.gxf4 Rxf4 33.Qe3 Rf8 34.Rd2 Qb6 35.Ka1 Qb4 36.Rc2 Nxc4
37.Rxc4 Rxc4 38.bxc4 Qxc4 39.Rg1 Qxa4 40.Rxg6 Qd1+ 41.Kb2 Rb8+ 42.Ka3 Kxg6
43.Qg5+ Kf7 44.Qxh5+ Kg8 45.Qg6+ Kf8 46.Qh6+ Ke8 47.Qh8+ Kd7 48.Qxb8 Qxf3+
49.Qb3 Qxe4 50.h5 Qh4 51.Qf7 Qg5 52.Kb4 Qd2+ 53.Kb3 Qd3+ 54.Kb4 d5 55.a4 Qe4+
56.Ka5 Qe6 57.Qf4 Qe1+ 58.Kxa6 Qe2+ 59.Kb7 Qxh5 60.a5 e5  1/2-1/2

[Event "Cat XI Spring"]
[Site "Kiev UKR"]
[Date "2000.03.24"]
[Round "3"]
[White "Kosikov,A"]
[Black "Korotylev,A"]
[Result "0-1"]
[WhiteElo "2460"]
[BlackElo "2477"]

1.e4 d6 2.d4 g6 3.Nc3 Bg7 4.Be3 a6 5.Qd2 b5 6.f3 Nd7 7.h4 Ngf6 8.g4 h5 9.g5 Nh7
10.Rd1 Bb7 11.Qf2 d5 12.Nxd5 Bxd5 13.exd5 Nb6 14.Bg2 Nxd5 15.Bc1 e6 16.Ne2 Nf8
17.O-O Nd7 18.f4 N7b6 19.Ng3 c6 20.c3 O-O 21.Ne4 Qc7 22.Ng3 Nc4 23.Be4 Nd6
24.Bc2 b4 25.Rd3 Rfd8 26.Bb3 a5 27.Ba4 Rab8 28.Rfd1 Ne7 29.Qf3 Rbc8 30.Be3 Nc4
31.Bc1 bxc3 32.bxc3 c5 33.dxc5 Qxc5+ 34.Qf2 Rxd3 35.Rxd3 Qxf2+ 36.Kxf2 Nd5
37.Ne2 Nd6 38.Bb3 Ne4+ 39.Kf3 Nc5 40.Rxd5 exd5 41.Bxd5 Na4 42.Be3 Nxc3 43.Nxc3 Bxc3
44.f5 Kf8 45.fxg6 fxg6 46.Bf2 Kg7 47.a4 Re8 48.Be4 Rb8 49.Bc6 Rb4 50.Bg3 Rb1
51.Ke2 Rb2+ 52.Kf3 Rb3 53.Kg2 Rb1 54.Be4 Ra1 55.Bc6 Kh7 56.Bb5 Be1 57.Bc7 Bxh4
58.Bxa5 Bxg5 59.Bb6 Bd2 60.Kf3 g5 61.Ke4 g4 62.Kd3 Bb4 63.Ke3 Ra3+ 64.Kf4 Bd2+
65.Kf5 g3 66.Bc6 Be3 67.Bd8 Rxa4  0-1

[Event "Israeli League"]
[Site "Ramat Aviv ISR"]
[Date "2000.03.24"]
[Round "7"]
[White "Har Zvi,R"]
[Black "Manor,I"]
[Result "1/2-1/2"]
[WhiteElo "2507"]
[BlackElo "2504"]

1.e4 g6 2.d4 Bg7 3.Nc3 d6 4.Be3 a6 5.a4 Nf6 6.Nf3 Bg4 7.Be2 Nc6 8.d5 Bxf3
9.Bxf3 Ne5 10.Be2 c6 11.a5 O-O  1/2-1/2

[Event "Israeli League"]
[Site "Ramat Aviv ISR"]
[Date "2000.03.24"]
[Round "7"]
[White "Zifroni,D"]
[Black "Labok,B"]
[Result "1-0"]
[WhiteElo "2531"]
[BlackElo "2380"]

1.d4 g6 2.e4 Bg7 3.Nc3 d6 4.f4 Nf6 5.Nf3 O-O 6.Bd3 Nc6 7.e5 dxe5 8.fxe5 Nd5
9.Nxd5 Qxd5 10.c3 Bg4 11.O-O Rad8 12.Qe1 f6 13.exf6 exf6 14.Bf4 Qd7 15.Qg3 Rc8
16.Rae1 Be6 17.Nd2 Bf7 18.Nb3 Bxb3 19.axb3 Nd8 20.Re2 c5 21.dxc5 Rxc5 22.b4 Rh5
23.Rfe1 Nc6 24.Bc4+ Kh8 25.Be6 Qd8 26.Bc7 Qa8 27.Bg4 Rb5 28.Bd6 Ne5 29.Bxf8 Qxf8
30.Rd2 Qe7 31.Rd7 Qf8 32.Rc7 Rd5 33.Rxb7 h5 34.Be6 Rd3 35.Qf4 Qd6 36.Bf7 Rd1
37.Bb3 Rd2 38.Qe3 Ng4 39.Qg3 Ne5 40.Rxa7  1-0

[Event "21st Open A"]
[Site "Bled SLO"]
[Date "2000.03.25"]
[Round "1"]
[White "Gomboc,M"]
[Black "Thiede,L"]
[Result "0-1"]
[WhiteElo "2162"]
[BlackElo "2390"]

1.e4 g6 2.d4 Bg7 3.Nc3 d6 4.f4 a6 5.Nf3 Nd7 6.Be2 e6 7.O-O Ne7 8.Be3 b5 9.Qd2 Nf6
10.b4 Bd7 11.a4 bxa4 12.e5 Ng4 13.Nxa4 Qb8 14.c3 O-O 15.Ng5 Nxe3 16.Qxe3 Bc6
17.Nb2 a5 18.exd6 Nf5 19.Qh3 h6 20.dxc7 Qxc7 21.Nf3 axb4 22.Ne5 Rxa1 23.Rxa1 Bb7
24.Nbc4 bxc3 25.Qxc3 Rd8 26.Rd1 Nxd4 27.Rxd4 Qc5  0-1

[Event "21st Open A"]
[Site "Bled SLO"]
[Date "2000.03.26"]
[Round "2"]
[White "Licina,A"]
[Black "Rudolf,Hen"]
[Result "0-1"]
[WhiteElo "2192"]
[BlackElo "2308"]

1.e4 g6 2.d4 Bg7 3.Nc3 d6 4.Nf3 Nf6 5.Bf4 c6 6.Qd2 O-O 7.h3 Qa5 8.Be2 Nbd7
9.O-O e5 10.Be3 Re8 11.a3 exd4 12.Nxd4 Nxe4 13.Nxe4 Qxd2 14.Nxd2 Bxd4 15.Bxd4 Rxe2
16.Be3 Nf6 17.Rfc1 Nd5 18.Kf1 Nxe3+ 19.Kxe2 Nxg2 20.Kf3 Nh4+ 21.Kg3 Nf5+
22.Kg2 Be6 23.Re1 d5 24.c3 d4 25.Ne4 Bd5 26.Kf1 Kg7 27.Rad1 Nh4 28.cxd4 Bc4+
29.Kg1 Nf3+ 30.Kg2 Nxe1+ 31.Rxe1 Re8 32.Rc1 Bd5 33.f3 Bxe4 34.fxe4 Rxe4 35.b4 Rxd4  0-1

[Event "21st Open A"]
[Site "Bled SLO"]
[Date "2000.03.27"]
[Round "3"]
[White "Podlesnik,B"]
[Black "Belotelov,D"]
[Result "1-0"]
[WhiteElo "2415"]
[BlackElo "2280"]

1.e4 g6 2.d4 Bg7 3.Nc3 d6 4.f4 Nc6 5.Be3 e5 6.dxe5 dxe5 7.Qxd8+ Kxd8 8.O-O-O+ Bd7
9.Bc4 Nh6 10.h3 exf4 11.Bxf4 Ne5 12.Bb3 Kc8 13.Nf3 Nxf3 14.gxf3 a5 15.Nd5 a4
16.Nxc7 Ra5 17.Nd5 axb3 18.Nb6+ Kd8 19.Rxd7+ Ke8 20.Rhd1 Bd4 21.cxb3 Bxb6
22.Bxh6 Rxa2 23.Kb1 Ra8 24.Bg7 Rg8 25.Bf6  1-0

[Event "21st Open A"]
[Site "Bled SLO"]
[Date "2000.03.27"]
[Round "3"]
[White "Sermek,D"]
[Black "Thiede,L"]
[Result "0-1"]
[WhiteElo "2517"]
[BlackElo "2390"]

1.e4 g6 2.d4 Bg7 3.Nc3 d6 4.Bg5 a6 5.f4 Nd7 6.Nf3 b5 7.Bd3 Bb7 8.e5 f6 9.Bh4 Nh6
10.Qe2 O-O 11.O-O-O b4 12.Ne4 d5 13.Nc5 Nxc5 14.dxc5 c6 15.Nd4 Qa5 16.Ne6 Qxa2
17.Nxf8 Rxf8 18.exf6 exf6 19.c3 Bc8 20.Qc2 Ng4 21.Rde1 Bh6 22.Bg3 b3 23.Qb1 Qa4
24.Rhf1 Ne5 25.Kd2 Nxd3 26.Qxd3 Bf5 27.Qd4 Qa2 28.c4 Qa5+ 29.Ke3 Qb4 30.Kf3 Qxc4
31.Qxc4 dxc4 32.Rc1 Bd3 33.Rfe1 f5 34.Red1 Bg7 35.Rd2 a5 36.Be1 a4 37.Ra1 Be4+
38.Kf2 c3 39.Rd7 Bd4+ 40.Rxd4 cxb2 41.Rad1 a3 42.Bc3 b1=Q 43.Rxb1 Bxb1 44.Ra4 a2
45.Ra7 Rd8 46.Ke2 Bc2 47.Rg7+ Kf8 48.Rxh7 Rd1 49.Ra7 Rb1 50.Kd2 Be4  0-1

[Event "21st Open A"]
[Site "Bled SLO"]
[Date "2000.03.27"]
[Round "3"]
[White "Grosar,K"]
[Black "Jovanic,O"]
[Result "1/2-1/2"]
[WhiteElo "2211"]
[BlackElo "2332"]

1.e4 g6 2.d4 Bg7 3.Nc3 d6 4.Be3 c6 5.Qd2 b5 6.f3 Nd7 7.g4 Bb7 8.Nge2 a6 9.h4 h6
10.Bg2 Nb6 11.b3 Nf6 12.Ng3 h5 13.gxh5 Nxh5 14.Nxh5 Rxh5 15.Ne2 e6 16.Bg5 Bf6
17.Ng3 Bxg5 18.hxg5 Rxh1+ 19.Nxh1 Qe7 20.Nf2 O-O-O 21.O-O-O Nd7 22.Ng4 c5
23.f4 Kb8 24.Kb1 cxd4 25.Qxd4 Nc5 26.Nf2 Qc7 27.Nd3 Rc8 28.Rd2 Nxd3 29.Qxd3 Rh8
30.Kb2 Qc5 31.a3 Rh4 32.Qg3 Rh5 33.Bf3 Rh8 34.Bg2 Kc7 35.b4 Qc4 36.f5 e5
37.fxg6 fxg6 38.Qf3 Qe6 39.Rd3 Qe7 40.Bh3 Rf8 41.Rc3+ Kb8 42.Qe3 Qd8 43.Be6 Rf4
44.Bd5 Bxd5 45.exd5 Rf7 46.Rc6 Kb7 47.a4 Rf4 48.c3 Rc4 49.Rxc4 bxc4 50.a5 Kb8
51.Qf2 e4 52.Qe3 Kb7 53.Ka3 Qe7 54.Qb6+ Ka8 55.Qxa6+ Kb8 56.Qb6+ Ka8 57.Qc6+ Kb8
58.Qb6+ Ka8 59.Qc6+ Kb8 60.Qb6+  1/2-1/2

[Event "21st Open A"]
[Site "Bled SLO"]
[Date "2000.03.29"]
[Round "5"]
[White "Gomboc,M"]
[Black "Rudolf,Hen"]
[Result "0-1"]
[WhiteElo "2162"]
[BlackElo "2308"]

1.e4 g6 2.d4 Bg7 3.Nc3 d6 4.Nf3 Nf6 5.Be2 O-O 6.O-O c6 7.h3 Nbd7 8.e5 Ne8
9.Bg5 dxe5 10.dxe5 Nc7 11.Re1 Ne6 12.Bc4 Nxe5 13.Nxe5 Qxd1 14.Raxd1 Nxg5
15.Nd7 Bxd7 16.Rxd7 b5 17.Bb3 a5 18.h4 a4 19.hxg5 axb3 20.axb3 e6 21.Red1 h6
22.gxh6 Bxh6 23.g3 Bg7 24.Kf1 Bf6 25.Ke2 Kg7 26.Rc7 Rfc8 27.Rdd7 Rxc7 28.Rxc7 Ra6
29.Kd3 Be5 30.Rc8 f5 31.Rd8 g5 32.Ke3 g4 33.f4 Bf6 34.Rd6 Bxc3 35.bxc3 Kf6
36.Kd3 Ke7 37.Rd4 c5  0-1

[Event "ch-LTU"]
[Site "Vilnius LTU"]
[Date "2000.03.29"]
[Round "5"]
[White "Slapikas,V"]
[Black "Labuckas,A"]
[Result "1-0"]
[WhiteElo "2423"]
[BlackElo "2307"]

1.e4 g6 2.d4 Bg7 3.Nc3 d6 4.Bc4 c6 5.Qf3 e6 6.Nge2 Ne7 7.h4 h6 8.Bb3 Nd7
9.h5 g5 10.Be3 Qc7 11.Qg3 e5 12.O-O-O Rg8 13.f3 Nb6 14.dxe5 Bxe5 15.Qf2 Be6
16.f4 gxf4 17.Bxf4 Bxf4+ 18.Qxf4 Bxb3 19.axb3 O-O-O 20.g3 d5 21.Qxh6 dxe4
22.Nxe4 Nbd5 23.N2c3 Nf5 24.Qh7 Nxg3 25.Nxg3 Nxc3 26.bxc3 Qxg3 27.Qf5+ Kb8
28.Kb2 Rdf8 29.h6 Qg5 30.Qd7 Rh8 31.Qd6+ Ka8 32.h7 Re8 33.Qc7 a6 34.Rd7 Rb8
35.Rxf7 Qd5 36.Rhf1 Qe4 37.R1f4 Qg6 38.Rg7 Qh6 39.Rff7 c5 40.Qxc5 Rhd8 41.Qg5 Qxg5
42.Rxg5 Ka7 43.c4 Kb6 44.Rg6+ Ka7 45.c5 Rh8 46.c6 Kb6 47.c7+  1-0

[Event "21st Open A"]
[Site "Bled SLO"]
[Date "2000.03.30"]
[Round "6"]
[White "Rudolf,Hen"]
[Black "Belotelov,D"]
[Result "0-1"]
[WhiteElo "2308"]
[BlackElo "2280"]

1.e4 g6 2.d4 Bg7 3.Nc3 d6 4.Nf3 Nf6 5.Be2 O-O 6.O-O e6 7.h3 Nc6 8.Re1 h6
9.a4 b6 10.b3 Bb7 11.Ba3 Re8 12.Bf1 a6 13.Qd3 Ne7 14.Rad1 Nh5 15.Qe3 f5 16.Bc4 fxe4
17.Bxe6+ Kh8 18.Nh4 Kh7 19.d5 c5 20.Bb2 Nxd5 21.Qxe4 Ndf4 22.Qxb7 Qxh4 23.Bg4 Rxe1+
24.Rxe1 Rf8 25.Ne4 Kh8 26.Bxg7+ Nxg7 27.Qxb6 d5 28.Ng3 h5 29.Qxc5 Qf6 30.Bd1 h4
31.Nf1 d4 32.Qe5 Nxh3+ 33.gxh3 Qxf2+ 34.Kh1 Re8 35.Qxe8+ Nxe8 36.Rxe8+ Kg7
37.Nh2 Qd2 38.Be2 Qxc2 39.Bc4 d3 40.Ng4 d2 41.Nf2 d1=Q+ 42.Nxd1 Qxd1+ 43.Kg2 Qd2+
44.Re2 Qg5+ 45.Kf1 Qf4+ 46.Rf2 Qe3 47.Bxa6 Qxh3+ 48.Rg2 Qxb3 49.Be2 Qxa4
50.Rg4 Qc6 51.Kg1 Qc5+ 52.Kg2 Qe3 53.Bf3 g5 54.Re4 Qd2+ 55.Re2 Qd6 56.Bh5 Qg3+
57.Kh1 Kh6 58.Re6+ Kxh5 59.Rh6+ Kg4 60.Rxh4+ Qxh4+  0-1

[Event "21st Open A"]
[Site "Bled SLO"]
[Date "2000.03.30"]
[Round "6"]
[White "Kos,T"]
[Black "Loncar,R"]
[Result "0-1"]
[WhiteElo "2300"]
[BlackElo "2406"]

1.e4 g6 2.d4 Bg7 3.Nc3 d6 4.Be2 c6 5.Be3 b5 6.a3 a6 7.h4 h5 8.Nf3 Bg4 9.Ng5 Bxe2
10.Qxe2 Nd7 11.Rd1 Nh6 12.f3 Qc7 13.O-O e6 14.Rfe1 Nb6 15.b3 d5 16.exd5 Nxd5
17.Nxd5 cxd5 18.Nxe6 fxe6 19.Bxh6 Rxh6 20.Qxe6+ Kf8 21.Qxd5 Qd8 22.Qe4 Bf6
23.Qf4 Kg7 24.Re4 Rh8 25.d5 Rf8 26.Qg3 Qb6+ 27.Kh1 Rad8 28.c4  0-1

[Event "21st Open A"]
[Site "Bled SLO"]
[Date "2000.04.02"]
[Round "9"]
[White "Sveshnikov,E"]
[Black "Jovanic,O"]
[Result "1-0"]
[WhiteElo "2541"]
[BlackElo "2332"]

1.e4 g6 2.d4 Bg7 3.Nc3 d6 4.Be3 c6 5.h3 Nf6 6.f4 Qb6 7.Qc1 Nbd7 8.Nf3 O-O
9.Bd3 Qc7 10.e5 Nd5 11.Nxd5 cxd5 12.O-O Nb6 13.g4 Nc4 14.b3 Nxe3 15.Qxe3 dxe5
16.dxe5 Bd7 17.Rae1 e6 18.g5 Rfd8 19.Nh2 Rac8 20.Ng4 Qc5 21.a4 Qxe3+ 22.Rxe3 Rc3
23.h4 Bf8 24.Rh3 Be7 25.h5 Rc7 26.Rf2 Bc5 27.Nf6+ Kg7 28.hxg6 hxg6 29.Rh7+ Kf8
30.Kf1 Bxf2 31.Kxf2 a5 32.Ke3 b6 33.Kd2 Rb7 34.Ke3 Bc6 35.Kd4 Rbb8 36.Ng4 Be8
37.Nh6 Rbc8 38.c3 Rc5 39.Ba6 Ke7 40.Bd3 Kf8 41.Ba6 Ke7 42.Ng8+ Kf8 43.Nf6 Rc7
44.f5 exf5 45.e6 Ke7 46.Ke5 Rd6 47.exf7 Bxf7 48.Ng8+ Kf8 49.Kxd6 Kxg8 50.Kxc7 Kxh7
51.Kxb6 d4 52.cxd4 Bxb3 53.Kxa5 f4 54.Kb4 Bd1 55.a5 f3 56.Kc3  1-0

[Event "73rd City-ch"]
[Site "St Petersburg RUS"]
[Date "2000.04.06"]
[Round "4"]
[White "Popov,Val"]
[Black "Chepukaitis,G"]
[Result "1/2-1/2"]
[WhiteElo "2534"]
[BlackElo "2393"]

1.e4 g6 2.d4 Bg7 3.Nc3 d6 4.f4 a6 5.Nf3 b5 6.Bd3 Bg4 7.Be3 Nc6 8.d5 Na5 9.O-O Nf6
10.b4 Nd7 11.Qe1 Nc4 12.Bxc4 bxc4 13.Nd4 Nb8 14.a4 Bd7 15.b5 O-O 16.Qe2 e5
17.fxe5 axb5 18.axb5 Rxa1 19.Rxa1 Bxe5 20.Qxc4 f5 21.Nc6 Nxc6 22.dxc6+ Kg7
23.cxd7 Qh4 24.d8=Q Bxh2+ 25.Kf1 Qxd8 26.Ra7 fxe4+ 27.Ke2 Rf7 28.Bh6+ Kxh6
29.Qxf7 Qg5 30.Rxc7 Qxg2+ 31.Kd1 Be5 32.Qxh7+ Kg5 33.Qe7+ Kf5 34.Qf7+ Kg5
35.Ne2 e3 36.Qe7+ Kh5 37.Qh7+ Kg5 38.Qe7+ Kh5 39.Qh7+  1/2-1/2

[Event "Estonian Club Cup 2nd leg"]
[Site "Tallinn EST"]
[Date "2000.04.07"]
[Round "?"]
[White "Kangur,Alv"]
[Black "Korchagin,O"]
[Result "1-0"]
[WhiteElo "2254"]
[BlackElo "2134"]

1.e4 g6 2.d4 Bg7 3.Nc3 d6 4.f4 c6 5.Nf3 Nf6 6.Bd3 O-O 7.O-O Qb6 8.Kh1 Bg4
9.Ne2 Nbd7 10.c3 e5 11.Qc2 Nh5 12.dxe5 dxe5 13.f5 h6 14.h3 Bxf3 15.Rxf3 g5
16.g3 Rfd8 17.Be3 Qc7 18.Rff1 Bf8 19.b4 b5 20.a4 a6 21.Qb3 Nb6 22.a5 Rxd3
23.Bxb6 Qd7 24.Rad1 Rd2 25.Be3 Qd3 26.Rxd2 Qxe4+ 27.Kh2 Qxe3 28.Qc2 e4 29.Rd4 Nf6
30.Qd2 Qxd2 31.Rxd2 c5 32.bxc5 Rc8 33.Rfd1 Rxc5 34.g4 Be7 35.Rd4 Kg7 36.Rc1 Rc6
37.Kg2 Bd6 38.c4 Be5 39.c5 Bxd4 40.Nxd4 Rc7 41.c6 Nd5 42.Rc5 Ne3+ 43.Kf2 Nc4
44.Nc2 Nxa5 45.Nb4  1-0

[Event "Estonian Club Cup 2nd leg"]
[Site "Tallinn EST"]
[Date "2000.04.07"]
[Round "?"]
[White "Keskel,M"]
[Black "Korchagin,O"]
[Result "0-1"]
[WhiteElo "2147"]
[BlackElo "2134"]

1.e4 g6 2.d4 Bg7 3.Nc3 d6 4.f3 c6 5.Be3 b5 6.Bd3 a5 7.a3 Nd7 8.d5 Bb7 9.dxc6 Bxc6
10.Nxb5 Bxb5 11.Bxb5 Bxb2 12.Rb1 Bxa3 13.Bc6 Bb4+ 14.c3 Bxc3+ 15.Kf2 Nf6
16.Ne2 Bb4 17.Bxa8 Qxa8 18.g4 O-O 19.h4 Ne5 20.h5 Nfxg4+ 21.fxg4 Qxe4 22.Rg1 Qf3+  0-1

[Event "Women's Open"]
[Site "St Petersburg RUS"]
[Date "2000.04.08"]
[Round "2"]
[White "Hlgatian,G"]
[Black "Gassij,O"]
[Result "1/2-1/2"]
[WhiteElo "2215"]
[BlackElo "2095"]

1.e4 d6 2.d4 g6 3.Nc3 Bg7 4.f4 Nf6 5.Nf3 O-O 6.Bd3 Na6 7.O-O c6 8.e5 dxe5
9.dxe5 Qb6+ 10.Kh1 Nd5 11.Nxd5 cxd5 12.c3 Bg4 13.h3 Bxf3 14.Rxf3 Nc5 15.Be3 Qc6
16.Bc2 Rfd8 17.Qe2 Ne4 18.Bd4 f6 19.Bxe4 dxe4 20.Re3 f5 21.g4 Rf8 22.Rf1 Bh6
23.g5 Bg7 24.h4 e6 25.h5 Rfd8 26.Rf2 b6 27.Rh2 Kf7 28.Qf2 Rac8 29.Kg1 Qa4
30.b3 Qa3 31.Re1 Qa6 32.Qe3 Qb7 33.Rd2 Rd7 34.Red1 Rcd8 35.Qf2 Qc6 36.a4 Bf8
37.Kh2 Bg7 38.a5 Qb5 39.axb6 axb6 40.b4 Bf8 41.Ra1 Qc4 42.Rda2 b5 43.Ra7 Qd5
44.Qa2 Qc6 45.Ra6 Qd5 46.Qxd5 Rxd5 47.Ra7+ R8d7 48.h6 Ke8 49.Rxd7 Rxd7 50.Ra8+ Kf7
51.Rb8 Bxb4 52.Rh8 Rxd4 53.Rxh7+ Kg8 54.Rg7+ Kh8 55.cxd4 e3 56.Ra7 e2 57.Ra8+ Kh7
58.Ra7+ Kg8 59.Ra8+  1/2-1/2

[Event "Open"]
[Site "Dos Hermanas ESP"]
[Date "2000.04.10"]
[Round "4"]
[White "Magem Badals,J"]
[Black "Vassallo,M"]
[Result "0-1"]
[WhiteElo "2529"]
[BlackElo "2404"]

1.e4 g6 2.d4 Bg7 3.Nc3 d6 4.Bg5 c6 5.Qd2 b5 6.f4 Nd7 7.Nf3 b4 8.Nd1 Qb6 9.e5 f6
10.exf6 exf6 11.Bh4 Ne7 12.Ne3 d5 13.O-O-O O-O 14.Kb1 Rf7 15.f5 gxf5 16.Bg3 Nf8
17.Bd6 Nfg6 18.g3 a5 19.Bd3 Bh6 20.Qf2 a4 21.Rhf1 b3 22.cxb3 axb3 23.a3 Ba6
24.Bxa6 Qxa6 25.Bxe7 Rxe7 26.Rfe1 Bxe3 27.Rxe3 Rae8 28.Rde1 Re4 29.Rxb3 Re2
30.Rxe2 Rxe2 31.Qg1 Qc4 32.Qd1 Rf2 33.Ka2 Ne7 34.Qd3 Qc1 35.Rb8+ Kf7 36.Rb7 Ke6
37.Nh4 Qc4+ 38.Qxc4 dxc4 39.a4 c3 40.a5  0-1

[Event "FSIMB April"]
[Site "Budapest HUN"]
[Date "2000.04.11"]
[Round "11"]
[White "Van Blitterswijk,S"]
[Black "Khechumyan,G"]
[Result "1-0"]
[WhiteElo "2308"]
[BlackElo "2236"]

1.e4 g6 2.d4 Bg7 3.Nc3 d6 4.f4 Nf6 5.Nf3 c6 6.Bd3 b5 7.e5 dxe5 8.fxe5 Nd5
9.O-O Nxc3 10.bxc3 Be6 11.Ng5 Bd5 12.e6 Bxe6 13.Nxe6 fxe6 14.Qg4 Qd5 15.Be4 Qc4
16.Bxg6+ hxg6 17.Qxg6+ Kd7 18.Qxg7 Na6 19.Bg5 Rae8 20.Rf7 Qxc3 21.Raf1 Kc8
22.Rxe7 Rd8  1-0

[Event "Millennium Masters"]
[Site "Oakham ENG"]
[Date "2000.04.11"]
[Round "1"]
[White "Aagaard,J"]
[Black "McNab,C"]
[Result "1-0"]
[WhiteElo "2396"]
[BlackElo "2424"]

1.e4 g6 2.d4 d6 3.Nc3 Bg7 4.f4 Nc6 5.Be3 Nf6 6.Be2 O-O 7.Nf3 e6 8.Qd2 Ne7
9.O-O-O b6 10.e5 Nfd5 11.Nxd5 Nxd5 12.h4 Nxe3 13.Qxe3 Bb7 14.h5 dxe5 15.dxe5 Qe7
16.hxg6 hxg6 17.Ng5 Rfd8 18.Bd3 Rd7 19.Rh4 f6 20.exf6 Bxf6 21.Rh6 Bd5 22.Rxg6+ Bg7
23.c4 Bxg2 24.Rxe6 Qd8 25.Rg6 Qe7 26.Ne6 Re8 27.Qg3  1-0

[Event "53rd ch-YUG (women)"]
[Site "Herceg Novi YUG"]
[Date "2000.04.12"]
[Round "4"]
[White "Stojanovic,Na"]
[Black "Petrovic,Ma"]
[Result "0-1"]
[WhiteElo "2101"]
[BlackElo "2281"]

1.e4 g6 2.d4 Bg7 3.Nc3 d6 4.Be3 a6 5.Qd2 b5 6.f3 Bb7 7.h4 h6 8.Nh3 Nd7 9.Be2 c6
10.g4 b4 11.Nd1 Qb6 12.Ndf2 a5 13.h5 g5 14.f4 gxf4 15.Nxf4 c5 16.dxc5 Nxc5
17.O-O-O Rc8 18.Kb1 a4 19.Nd5 Bxd5 20.Qxd5 Nf6 21.Bxc5 Nxd5 22.Bxb6 Nxb6
23.Bb5+ Kf8 24.Nd3 a3 25.b3 Bc3 26.Nf4 Rc5 27.Bd3 Rg8 28.Rhf1 Ke8 29.Be2 Rgg5
30.Bf3 Rc7 31.Nd5 Nxd5 32.Rxd5 Rc5 33.Rxg5 Rxg5 34.Kc1 e6 35.Kd1 Ke7 36.Ke2 Rc5
37.Kd1 Bd4 38.Be2 f6 39.Bd3 Rg5 40.Be2 Bc3 41.Bf3 Kd7 42.Ke2 Kc7 43.Ke3 Kb6
44.Kd3 Rc5 45.Ke2 Be5 46.Kd1 Rc3 47.Be2 Rg3 48.Rf3 Rg2 49.Rf1 Kc5 50.Kd2 Kd4
51.Kd1 Kc3 52.Bc4 Rd2+  0-1

[Event "19th Open"]
[Site "Reykjavik ISL"]
[Date "2000.04.12"]
[Round "8"]
[White "Bykhovsky,An"]
[Black "Hillarp Persson,T"]
[Result "0-1"]
[WhiteElo "2409"]
[BlackElo "2548"]

1.e4 g6 2.d4 Bg7 3.Nc3 d6 4.Nf3 a6 5.a4 b6 6.Bc4 e6 7.Bg5 Ne7 8.Qd2 h6 9.Be3 Nd7
10.O-O Nf6 11.h3 Bb7 12.d5 e5 13.Nh2 g5 14.Be2 Ng6 15.Ng4 h5 16.Nxf6+ Bxf6
17.Qd1 Nf4 18.Bxf4 gxf4 19.Bxh5 Ke7 20.Bg4 Qg8 21.Nb1 Qg6 22.Bf5 Qg5 23.Kh1 Rag8
24.Qf3 Bxd5 25.c4 Bb7 26.Nd2 Qxf5 27.exf5 Bxf3 28.Nxf3 a5 29.Nd2 Rg5 30.b4 axb4
31.a5 bxa5 32.Rxa5 Rxf5 33.Rb5 Rfh5 34.Rxb4 Kd7 35.Ra1 f3 36.Ra7 fxg2+ 37.Kxg2 Rxh3
38.c5 Rh2+ 39.Kg1 Rh1+ 40.Kg2 R1h2+ 41.Kg1 Rh1+ 42.Kg2 R8h2+ 43.Kf3 Bh4 44.Ne4 f5
45.cxd6 fxe4+ 46.Kxe4 Bxf2 47.Rxc7+ Kxd6 48.Rbb7 Rh4+ 49.Kd3 Bb6  0-1

[Event "73rd City-ch"]
[Site "St Petersburg RUS"]
[Date "2000.04.13"]
[Round "11"]
[White "Alekseev,E"]
[Black "Chepukaitis,G"]
[Result "1/2-1/2"]
[WhiteElo "2475"]
[BlackElo "2393"]

1.e4 g6 2.d4 Bg7 3.Nc3 d6 4.f4 a6 5.Nf3 Bg4 6.Be3 Nd7 7.h3 Bxf3 8.Qxf3 c5
9.O-O-O Rc8 10.e5 Qc7 11.exd6 exd6 12.Nd5 Qc6 13.dxc5 Nxc5 14.Bxc5 Qxc5 15.Bd3 Kf8
16.f5 Nf6 17.Nxf6 Bxf6 18.fxg6 Qg5+ 19.Kb1 hxg6 20.Rde1 Kg7 21.Rhf1 Rc7 22.Re4 Rh4
23.g4 Be5 24.Rc4 Qe7 25.Rxc7 Qxc7 26.Qd5 b5 27.Rf3 Rh8 28.a3 Qd7 29.Ka2 Rc8
30.Rf1 Qe7 31.Qf3 Rc7 32.Kb1 Qh4 33.Be4 Qg3 34.Bd5 Qxf3 35.Rxf3 f6 36.c3 Kh6
37.Kc2 Kg5 38.b4 f5 39.gxf5 gxf5 40.Kb3 f4 41.c4 Kf5 42.cxb5 axb5 43.a4 bxa4+
44.Kxa4 Rc3 45.b5 Rxf3 46.Bxf3 Bd4 47.h4 Bf2 48.h5 Kg5 49.Kb4 d5 50.Kc3 Bb6
51.Kd3  1/2-1/2

[Event "Schloss Open"]
[Site "Werther GER"]
[Date "2000.04.14"]
[Round "1"]
[White "Schmidt,O"]
[Black "Branding,V"]
[Result "1/2-1/2"]
[WhiteElo "2076"]
[BlackElo "2135"]

1.e4 g6 2.d4 Bg7 3.Nc3 d6 4.Be3 a6 5.Qd2 b5 6.a3 Bb7 7.Be2 Nd7 8.h4 Ngf6
9.Bf3 c6 10.h5 gxh5 11.Bxh5 Nxh5 12.Rxh5 Qc7 13.f4 O-O-O 14.Qe2 Kb8 15.Bf2 c5
16.Nf3 Nf6 17.Rh4 b4 18.axb4 cxb4 19.Na2 Qa5 20.Qd2 Nxe4 21.Qxb4 Qf5 22.Qb6 Qb5
23.Qxb5 axb5 24.Rh5 Kc7 25.Nb4 Nxf2 26.Kxf2 Kb6 27.c3 Bf6 28.Ne1  1/2-1/2

[Event "Schloss Open"]
[Site "Werther GER"]
[Date "2000.04.15"]
[Round "2"]
[White "Goessling,G"]
[Black "Simonenko,S"]
[Result "0-1"]
[WhiteElo "2194"]
[BlackElo "2440"]

1.e4 g6 2.d4 Bg7 3.Nc3 d6 4.Be3 a6 5.Qd2 b5 6.Bd3 Bb7 7.a4 b4 8.Nce2 a5 9.c3 bxc3
10.bxc3 Nf6 11.f3 Ba6 12.Nh3 O-O 13.O-O Nbd7 14.Rfb1 Qc8 15.c4 c5 16.Qxa5 cxd4
17.Bxd4 Bxc4 18.Qc3 Bxd3 19.Qxd3 Ra6 20.Nf2 Qa8 21.Nc3 Rc8 22.Rb5 Rac6 23.Nfd1 Nc5
24.Qd2 Ne6 25.Bxf6 Bxf6 26.Ra3 Nd4 27.Rb4 Qa7 28.Kf1 e6 29.h3 Qc5 30.Nb5 Nc2
31.Rab3 Nxb4 32.Rxb4 Qc1  0-1

[Event "53rd ch-YUG (women)"]
[Site "Herceg Novi YUG"]
[Date "2000.04.16"]
[Round "7"]
[White "Savic,Ma"]
[Black "Benderac,A"]
[Result "1/2-1/2"]
[WhiteElo "2016"]
[BlackElo "2228"]

1.e4 g6 2.d4 Bg7 3.Nc3 d6 4.Nf3 c6 5.a4 Nf6 6.Be2 O-O 7.O-O Nbd7 8.h3 e5
9.Be3 Qe7 10.Bd3 Rd8 11.Re1 exd4 12.Bxd4 Ne5 13.Be2 h6 14.Qd2 Be6 15.Rad1 Kh7
16.Qc1 Nh5 17.Be3 Nc4 18.Bd4 Ne5 19.Be3 Nxf3+ 20.Bxf3 Qh4 21.Ne2 d5 22.exd5 Bxd5
23.Bxd5 Rxd5 24.Rxd5 cxd5 25.Rd1 Qxa4 26.Rxd5 Qc4 27.Rd2 a5 28.c3 b5 29.Qd1 a4
30.Bd4 a3 31.bxa3 Rxa3 32.Bxg7 Nxg7 33.Rd4  1/2-1/2

[Event "XVIII Open"]
[Site "Metz FRA"]
[Date "2000.04.16"]
[Round "2"]
[White "Pimenta,A"]
[Black "Nijboer,F"]
[Result "0-1"]
[WhiteElo "2140"]
[BlackElo "2540"]

1.e4 d6 2.d4 g6 3.Nc3 Bg7 4.Nf3 Nf6 5.h3 O-O 6.Be3 a6 7.a4 b6 8.Bd3 Bb7 9.O-O Nbd7
10.Re1 e5 11.dxe5 dxe5 12.Bg5 c6 13.Bc4 Qc7 14.Qe2 b5 15.axb5 axb5 16.Bb3 h6
17.Bxf6 Bxf6 18.Qe3 Kg7 19.Red1 Rxa1 20.Rxa1 Be7 21.Ne1 Bc5 22.Qe2 Nf6 23.Nd3 Bb6
24.Kh1 Re8 25.g4 Qe7 26.f3 h5 27.Kg2 Rh8 28.Qe1 hxg4 29.hxg4 Bd4 30.Qg3 c5
31.Nd5 Bxd5 32.Bxd5 c4 33.c3 cxd3 34.cxd4 exd4 35.Rh1 Rxh1 36.Kxh1 Nxd5 37.exd5 d2  0-1

[Event "XXXI Open"]
[Site "Mar del Plata ARG"]
[Date "2000.04.17"]
[Round "3"]
[White "Ricardi,P"]
[Black "Forestani,A"]
[Result "1-0"]
[WhiteElo "2483"]
[BlackElo "2250"]

1.e4 d6 2.d4 g6 3.Nc3 Bg7 4.Be3 Nf6 5.f3 O-O 6.Qd2 c6 7.Nge2 b5 8.h4 b4 9.Nd1 a5
10.h5 Ba6 11.Bh6 e5 12.hxg6 fxg6 13.Bxg7 Kxg7 14.dxe5 dxe5 15.Qg5 Bxe2 16.Bxe2 Qd4
17.Ne3 Qc5 18.Nf5+ Kh8 19.Qxg6 Qg1+ 20.Bf1 Qa7 21.O-O-O  1-0